LEADER 03061nam 2200553 450 001 9910672264403321 005 20201202144305.0 010 $a958-781-355-3 035 $a(CKB)4100000008742838 035 $a(OCoLC)1110093722 035 $a(NyNyDIG)DIGEPUJ0257 035 $a(MiAaPQ)EBC6776821 035 $a(OCoLC)1226774020 035 $a(FlNmELB)ELB147947 035 $a(NjHacI)994100000008742838 035 $a(EXLCZ)994100000008742838 100 $a20201126d2019 uy 0 101 0 $aspa 135 $aur||||||||||| 181 $ctxt$2rdacontent 182 $cc$2rdamedia 183 $acr$2rdacarrier 200 00$aEducar para la paz $efundamentos para la implementacio?n de la Ca?tedra de la Paz /$fRicardo Delgado Salazar, editor acade?mico 205 $aPrimera edicio?n. 210 1$aBogota?, D.C. :$cEditorial Pontificia Universidad Javeriana,$d2019. 215 $a1 online resource $cillustrations 225 0 $aColeccio?n Libros de investigacio?n / Vicerrectori?a de Investigacio?n 311 $a958-781-354-5 320 $aIncludes bibliographical references. 327 $aAportes para la construccio?n de un marco de fundamentacio?n de la Ca?tedra de la Paz / Ricardo Delgado Salazar -- Trayectorias para pensar la paz en el contexto educativo : trayectorias legislativa, investigativa y educativa / Rosa Ludy Arias Campos, Ricardo Delgado Salazar y Luz Marina Lara Salcedo -- La paz integral : referente para la Ca?tedra de la Paz / Carolina Montagut Orozco y Mo?nica Hilario?n Madariaga -- Aportes de la dimensio?n juri?dico-poli?tica a la fundamentacio?n de la Ca?tedra de la Paz / Carolina Montagut Orozco -- Aportes de la dimensio?n e?tico-moral a la fundamentacio?n de la Ca?tedra de la Paz / Edward Amorocho Herrera -- Aportes de la dimensio?n psicosocial a la fundamentacio?n de la Ca?tedra de la Paz / Mari?a Mercedes Giraldo A?lvarez -- Aportes de la dimensio?n sociocultural a la fundamentacio?n de la Ca?tedra de la Paz / Mo?nica Hilario?n Madariaga -- Aportes de la dimensio?n pedago?gica a la fundamentacio?n de la Ca?tedra de la Paz / Edward Amorocho Herrera, Mari?a Mercedes Giraldo A?lvarez y John Granados Rico -- Aprendizajes y recomendaciones / Rosa Ludy Arias Campos y Ricardo Delgado Salazar. 410 0$aColeccio?n Libros de investigacio?n Vicerrectori?a de Investigacio?n. 517 1 $aFundamentos para la implementacio?n de la Ca?tedra de la Paz 606 $aPeace$xStudy and teaching$zColombia 606 $aPeace-building 606 $aPaz$xEstudio y docencia$zColombia 606 $aConstruccio?n de la paz 608 $aLibros electronicos. 615 0$aPeace$xStudy and teaching 615 0$aPeace-building. 615 4$aPaz$xEstudio y docencia 615 4$aConstruccio?n de la paz. 676 $a303.6609861 702 $aDelgado Salazar$b Ricardo 801 0$bFINmELB 801 1$bFINmELB 906 $aBOOK 912 $a9910672264403321 996 $aEducar para la paz$93052526 997 $aUNINA LEADER 02139oam 2200529 450 001 9910704660203321 005 20170622084138.0 035 $a(CKB)5470000002443112 035 $a(OCoLC)969973630 035 $a(OCoLC)995470000002443112 035 $a(EXLCZ)995470000002443112 100 $a20170125j201304 ua 0 101 0 $aeng 135 $aur||||||||||| 181 $ctxt$2rdacontent 182 $cc$2rdamedia 183 $acr$2rdacarrier 200 10$aAnalysis with TRACE code of Rosa test 1.2 $esmall LOCA in the hot-leg with HPI and accumulator actuation /$fprepared by J.L. Munoz-Cobo, A. Romero, S. Chiva 210 1$aWashington, DC :$cDivision of Systems Analysis, Office of Nuclear Regulatory Research, U.S. Nuclear Regulatory Commission,$dApril 2013. 215 $a1 online resource (various pagings) $cillustrations 225 1 $aInternational agreement report ;$vNUREG/IA-0420 300 $a"Instituto de Ingenieria Energetica, Universitat Politecnica de Valencia." 300 $a"A. Calvo, NRC project manager." 300 $a"Manuscript completed: December 2012; date published: April 2013." 300 $a"Prepared as part of the agreement on Research Participation and Technical Exchange under the Thermal-Hydraulic Code Applications and Maintenance Program (CAMP)." 320 $aIncludes bibliographical references. 517 $aAnalysis with TRACE code of Rosa test 1.2 606 $aLight water reactors$xAnalysis 606 $aNuclear power plants 606 $aNuclear reactors$xThermodynamics 606 $aThermal hydraulics 615 0$aLight water reactors$xAnalysis. 615 0$aNuclear power plants. 615 0$aNuclear reactors$xThermodynamics. 615 0$aThermal hydraulics. 700 $aMun?oz-Cobo$b J. L.$01399022 712 02$aU.S. Nuclear Regulatory Commission.$bDivision of Systems Analysis, 801 0$bGPO 801 1$bGPO 801 2$bMERUC 801 2$bOCLCF 801 2$bAZP 801 2$bGPO 906 $aBOOK 912 $a9910704660203321 996 $aAnalysis with TRACE code of Rosa test 1.2$93534235 997 $aUNINA